| 000 | 00474nam a2200169Ia 4500 | ||
|---|---|---|---|
| 008 | 180921t2017 xxu||||| |||| 00| 0 sin d | ||
| 041 | _asin | ||
| 080 |
_a294.3 _bGNA |
||
| 100 | _aGnanananda Himi,Kiribathgoda | ||
| 245 | _aනුවණ වැඩෙන බෝසත් කථා 17 | ||
| 246 | _aNuwana Wadena Bosath Katha 17 | ||
| 260 |
_bMahamegha _aPolgahawela _c2017 |
||
| 300 | _b51p, 21cm | ||
| 942 | _cBK | ||
| 999 |
_c1942 _d1942 |
||
| 003 | LK-CoDNM | ||
| 040 |
_aLK-CoDNM _dLK-CoDNM _eLK-CoDNM |
||